| 000 | 01033nam a22002897a 4500 | ||
|---|---|---|---|
| 001 | 8378 | ||
| 003 | FISKH | ||
| 005 | 20250910110826.0 | ||
| 008 | 250910b cb ||||| |||| 00| 0 eng d | ||
| 020 | _a9780778730927 | ||
| 040 |
_aFISKH _beng _cFISKH _dFISKH |
||
| 050 | _aG133.K253 | ||
| 082 | _a910.914 | ||
| 100 | _aKalman, Bobbie | ||
| 245 |
_aExplore earth's seven continents / _cBy Bobbie Kalman |
||
| 260 |
_aOntario : _bCrabtree Publishing Company , _c2011. |
||
| 300 |
_a32 pages : _bcolor illustrations ; _c27 cm. |
||
| 490 | _aExplore the Continents | ||
| 505 | _aR | ||
| 520 | _aThis concise overview of the seven continents explains to children what a continent is and what factors make each continent unique. Full color photographs and age appropriate maps accompany each brief examination of a continent. | ||
| 521 | 8 |
_a780
_bLexile |
|
| 521 | 8 |
_aR
_bRaz-Plus |
|
| 650 |
_aContinents _vJuvenile Literature |
||
| 700 |
_aMiddleton, Kathy _eEditor |
||
| 942 |
_2ddc _cBK _n0 |
||
| 999 |
_c8378 _d8378 |
||